[Event "Team Russia"]
[Site "Petergof"]
[Date "2015.08.09"]
[Round "9.10"]
[White "Lobanov, Sergei"]
[Black "Drygalov, Sergey"]
[Result "1-0"]
[WhiteElo "2377"]
[BlackElo "2362"]
[PlyCount "109"]
[EventDate "2015.08.??"]
[EventType "team-swiss"]
[WhiteClock "0:14:36"]
[BlackClock "0:01:10"]

1. e4 c5 2. Nf3 e6 3. d4 cxd4 4. Nxd4 a6 5. Nc3 Qc7 6. Be2 Nc6 7. O-O Nf6 8.
Be3 Be7 9. f4 d6 10. Kh1 O-O 11. Qe1 Bd7 12. Qg3 b5 13. e5 Ne8 14. Bf3 Rc8 15.
Nxc6 Bxc6 16. Ne4 Qb7 17. exd6 Bxd6 18. Nc5 Qe7 19. b4 Bxf3 20. Qxf3 Nf6 21.
Bd4 Bxc5 22. Bxc5 Rxc5 23. bxc5 Qxc5 24. f5 e5 25. Qe2 h5 26. a4 Rc8 27. axb5
axb5 28. h3 e4 29. Ra5 Qxc2 30. Qxc2 Rxc2 31. Rxb5 Rc7 32. Kh2 Kh7 33. Rfb1 Kh6
34. Rb7 Rc5 35. Rf1 Rc2 36. Rxf7 Nd5 37. Re1 Nf4 38. Kg3 Ne2+ 39. Kh4 Nf4 40.
Rxe4 Nxg2+ 41. Kg3 Kg5 42. Rxg7+ Kxf5 43. Re8 Kf6 44. Rgg8 Ra2 45. Ref8+ Ke6
46. Rf2 Rxf2 47. Kxf2 Nf4 48. Kg3 Nd5 49. Kh4 Nf4 50. Kg3 Nd5 51. Rg5 Nf6 52.
Ra5 Nd5 53. Rb5 Kd6 54. Kh4 Nf4 55. Rf5 1-0

[Event "Team Russia"]
[Site "Petergof"]
[Date "2015.08.09"]
[Round "9.11"]
[White "Salemgareev, Tagir"]
[Black "Pershin, Denis"]
[Result "0-1"]
[WhiteElo "2050"]
[BlackElo "2278"]
[PlyCount "126"]
[EventDate "2015.08.??"]
[EventType "team-swiss"]
[WhiteClock "0:06:22"]
[BlackClock "0:12:28"]

1. d4 Nf6 2. c4 e6 3. Nf3 b6 4. a3 Bb7 5. Nc3 d5 6. cxd5 exd5 7. Bg5 Be7 8. e3
O-O 9. Bd3 c5 10. O-O h6 11. Bh4 Nbd7 12. dxc5 bxc5 13. Qe2 Qb6 14. Rfd1 Rfd8
15. Rac1 Rac8 16. Bf5 g6 17. Na4 Qa5 18. Nxc5 Nxc5 19. Bxc8 Bxc8 20. b4 Qa6 21.
Qxa6 Nxa6 22. b5 g5 23. bxa6 gxh4 24. Rc7 Bf8 25. Rxa7 Rd6 26. Ra8 Bxa6 27.
Nxh4 Nd7 28. h3 Kh7 29. Ra7 Ne5 30. Ra8 Nd7 31. Nf5 Rf6 32. g4 Bc5 33. Rc1 Bc4
34. Rc8 Bb6 35. a4 Ne5 36. Ra1 Ba5 37. Rb1 Nc6 38. Ra8 Bb4 39. Nd4 Nxd4 40.
Rxb4 Nf3+ 41. Kh1 Nd2 42. f4 Re6 43. Rb2 d4 44. Rd8 dxe3 45. Rbxd2 exd2 46.
Rxd2 Ra6 47. Kg2 Rxa4 48. Kh2 Ra3 49. Kg2 Bd3 50. Rb2 Be4+ 51. Kh2 Rf3 52. f5
Kg7 53. Rb6 Rc3 54. Rd6 Bd3 55. Kg2 Be4+ 56. Kh2 h5 57. Rd4 Bd3 58. Rd6 h4 59.
Kg2 Be4+ 60. Kh2 Rc1 61. Rg6+ fxg6 62. f6+ Kf8 63. g5 Rh1# 0-1

[Event "Team Russia"]
[Site "Petergof"]
[Date "2015.08.09"]
[Round "9.12"]
[White "Kiseleva, Arina"]
[Black "Alekseeva, Irina"]
[Result "0-1"]
[WhiteElo "2038"]
[BlackElo "2141"]
[PlyCount "83"]
[EventDate "2015.08.??"]
[EventType "team-swiss"]
[WhiteClock "0:03:23"]
[BlackClock "0:24:19"]

1. d4 Nf6 2. Nf3 g6 3. g3 Bg7 4. Bg2 O-O 5. O-O d5 6. c4 c6 7. cxd5 cxd5 8. Nc3
Nc6 9. Bf4 Nh5 10. Be3 e6 11. Qd2 Bf6 12. g4 Ng7 13. Bf4 a6 14. Rad1 b5 15. Ne5
Bb7 16. e4 Na5 17. b4 Nc4 18. Nxc4 bxc4 19. e5 Be7 20. Rb1 g5 21. Be3 f5 22.
exf6 Bxf6 23. f4 gxf4 24. Rxf4 Qd6 25. g5 Be7 26. Bh3 e5 27. Rh4 Rf3 28. Bg4
Rxe3 29. Qxe3 exd4 30. Qxd4 Bxg5 31. Rh3 Bf6 32. Qd2 d4 33. Qh6 dxc3 34. Qxh7+
Kf8 35. Qh8+ Kf7 36. Bh5+ Ke7 37. Re3+ Kd7 38. Qh7 Bd4 39. Rbe1 Rf8 40. Bg4+
Kc7 41. Qh3 Qf4 42. Qh8 0-1

[Event "Team Russia"]
[Site "Petergof"]
[Date "2015.08.09"]
[Round "9.13"]
[White "Morozov, Egor"]
[Black "Triapishko, Olexandr"]
[Result "1/2-1/2"]
[WhiteElo "2262"]
[BlackElo "2459"]
[PlyCount "82"]
[EventDate "2015.08.??"]
[EventType "team-swiss"]

1. Nf3 d5 2. g3 Bg4 3. Bg2 Nd7 4. c4 dxc4 5. Na3 c6 6. Nxc4 Ngf6 7. d3 e5 8.
O-O Bxf3 9. exf3 Be7 10. Re1 O-O 11. Nxe5 Bb4 12. Re2 Nxe5 13. Rxe5 Qd4 14. Qe2
Rfe8 15. Bf4 Red8 16. Re3 Bd6 17. Bxd6 Rxd6 18. f4 Rad8 19. Re1 g6 20. Be4 Qb4
21. f5 g5 22. g4 h6 23. b3 Kg7 24. Kg2 Qd4 25. h4 Nd5 26. Bxd5 Qxd5+ 27. f3 Qd4
28. hxg5 hxg5 29. Rh1 Qc3 30. Rd1 Rd4 31. Qd2 Qxd2+ 32. Rxd2 Kf6 33. Kf2 a5 34.
Ke2 a4 35. Re4 axb3 36. axb3 c5 37. Ke3 b6 38. b4 R4d5 39. bxc5 bxc5 40. d4
R5d6 41. Rd3 R8d7 1/2-1/2

[Event "Team Russia"]
[Site "Petergof"]
[Date "2015.08.09"]
[Round "9.14"]
[White "Isayev, Maksym"]
[Black "Yashmetov, Mikhail"]
[Result "0-1"]
[WhiteElo "2121"]
[BlackElo "2183"]
[PlyCount "72"]
[EventDate "2015.08.??"]
[EventType "team-swiss"]

1. d4 Nf6 2. c4 g6 3. Nc3 d5 4. Bg5 Ne4 5. Bh4 Nxc3 6. bxc3 dxc4 7. e3 Be6 8.
Nf3 c6 9. Be2 Bg7 10. O-O h6 11. Qc2 O-O 12. Nd2 b5 13. a4 a6 14. Rab1 Qd7 15.
Qc1 f5 16. f4 Bd5 17. Qa3 Bf6 18. Bf2 Qe6 19. Rfe1 Nd7 20. e4 fxe4 21. Bf3 Qf7
22. Bxe4 Nb6 23. Bc2 e6 24. Bg3 Be7 25. Qb2 Bd6 26. Rf1 Rab8 27. a5 Na4 28.
Bxa4 bxa4 29. Qc2 a3 30. Ra1 Qf5 31. Qc1 Qd3 32. Nb1 Rb3 33. Rd1 Qf5 34. Nxa3
Rfb8 35. Be1 Qe4 36. Qc2 Rxa3 0-1

[Event "Team Russia"]
[Site "Petergof"]
[Date "2015.08.09"]
[Round "9.15"]
[White "Volkov, Roman"]
[Black "Shemyakin, Valeriy"]
[Result "1-0"]
[WhiteElo "1928"]
[BlackElo "2091"]
[PlyCount "65"]
[EventDate "2015.08.??"]
[EventType "team-swiss"]

1. e4 Nc6 2. Nf3 d6 3. d4 g6 4. d5 Nb8 5. c4 Bg7 6. Nc3 e5 7. Be2 Ne7 8. Bg5 h6
9. Bh4 O-O 10. Nd2 a6 11. b4 f5 12. f3 f4 13. Bf2 Bd7 14. c5 Nc8 15. a4 Be8 16.
Nc4 Nd7 17. Na5 Rb8 18. c6 bxc6 19. Nxc6 Qg5 20. Nxb8 Nxb8 21. O-O Bd7 22. Re1
h5 23. Kh1 Qh6 24. a5 g5 25. b5 axb5 26. Nxb5 g4 27. Nxc7 Qg5 28. a6 g3 29. Bg1
h4 30. Ne6 Bxe6 31. dxe6 h3 32. Bf1 Rf6 33. hxg3 1-0

[Event "Team Russia"]
[Site "Petergof"]
[Date "2015.08.09"]
[Round "9.16"]
[White "Potapova, Margarita"]
[Black "Dimitrova, Aleksandra"]
[Result "1-0"]
[WhiteElo "2069"]
[BlackElo "2134"]
[PlyCount "127"]
[EventDate "2015.08.??"]
[EventType "team-swiss"]

1. e4 c5 2. Nf3 e6 3. d4 cxd4 4. Nxd4 Nf6 5. Nc3 Nc6 6. Be3 Bb4 7. Nxc6 bxc6 8.
Bd3 d5 9. exd5 exd5 10. a3 Be7 11. Ne2 O-O 12. O-O Ng4 13. Bf4 Bf6 14. c3 Ne5
15. Bc2 Qb6 16. Be3 Qc7 17. Bc5 Re8 18. Ng3 g6 19. Re1 Bd7 20. b3 Bg7 21. h3 f5
22. Qd2 Nf7 23. Bd4 Bh6 24. Qd3 c5 25. Bf6 Qd6 26. Bh4 Ne5 27. Qd1 Rf8 28. Be7
Qxe7 29. Qxd5+ Qf7 30. Rxe5 Rac8 31. Rd1 Bf4 32. Re7 Qxd5 33. Rxd5 Bc6 34. Rd1
Rc7 35. Re6 Kf7 36. Re2 Kf6 37. Rde1 Rd8 38. Nf1 Bd5 39. g3 Bh6 40. f4 Rcd7 41.
Re5 Bf8 42. g4 fxg4 43. hxg4 Kf7 44. f5 Bg7 45. R5e3 Bb7 46. g5 Rc7 47. f6 Bf8
48. Nh2 Rd2 49. Be4 Bxe4 50. Rxe4 Rd3 51. R4e3 Rxe3 52. Rxe3 h6 53. Ng4 hxg5
54. c4 Bd6 55. Rh3 Ke6 56. Rd3 Bf4 57. Rd5 Rb7 58. Rxc5 Rxb3 59. Rc6+ Kd7 60.
f7 Ke7 61. Nh6 g4 62. Re6+ Kxe6 63. f8=Q Bxh6 64. Qxh6 1-0

[Event "Team Russia"]
[Site "Petergof"]
[Date "2015.08.09"]
[Round "9.17"]
[White "Shapiro, David"]
[Black "Tarasov, Alexandr"]
[Result "1/2-1/2"]
[WhiteElo "2292"]
[BlackElo "2305"]
[PlyCount "112"]
[EventDate "2015.08.??"]
[EventType "team-swiss"]

1. c4 e6 2. Nc3 b6 3. Nf3 Bb7 4. g3 c5 5. Bg2 Nf6 6. O-O Be7 7. Re1 Ne4 8. Nxe4
Bxe4 9. d3 Bb7 10. e4 O-O 11. b3 d6 12. Bb2 e5 13. Nd2 Nc6 14. Nf1 Bg5 15. Ne3
Bxe3 16. fxe3 Ne7 17. d4 Qc7 18. Rf1 Bc6 19. Qc2 Qb7 20. Rf2 Rfe8 21. d5 Bd7
22. a3 Rac8 23. b4 b5 24. cxb5 cxb4 25. Qb3 Bxb5 26. Qxb4 Rc4 27. Qd2 Rec8 28.
Bh3 Bd7 29. Bf1 Rxe4 30. Bd3 Ra4 31. e4 Bb5 32. Bxb5 Qxb5 33. Qg5 Qd7 34. Raf1
Rf8 35. Qe3 f6 36. Rc1 Rc8 37. Rfc2 Rxc2 38. Rxc2 Qg4 39. Re2 h5 40. Kg2 h4 41.
Qf3 Qxf3+ 42. Kxf3 hxg3 43. hxg3 f5 44. exf5 Nxf5 45. Re1 Nd4+ 46. Kf2 Rc4 47.
Rc1 Rxc1 48. Bxc1 Nb5 49. Ke2 Nc3+ 50. Kd3 Nxd5 51. Kc4 Nb6+ 52. Kb5 Kf7 53. a4
Nxa4 54. Kxa4 Ke6 55. Be3 d5 56. Bxa7 d4 1/2-1/2

[Event "Team Russia"]
[Site "Petergof"]
[Date "2015.08.09"]
[Round "9.18"]
[White "Payanidi, Janis"]
[Black "Gusarov, Aleksey"]
[Result "1-0"]
[WhiteElo "2238"]
[BlackElo "2003"]
[PlyCount "87"]
[EventDate "2015.08.??"]
[EventType "team-swiss"]

1. e4 c5 2. Nf3 Nc6 3. Bb5 g6 4. O-O Bg7 5. Re1 e5 6. Nc3 Nge7 7. Nd5 a6 8. Bf1
d6 9. Nxe7 Qxe7 10. c3 O-O 11. Bc4 h6 12. Bd5 Kh7 13. d3 Qc7 14. Be3 Ne7 15. d4
Nxd5 16. exd5 cxd4 17. cxd4 e4 18. Nd2 f5 19. Rc1 Qd8 20. g3 g5 21. f4 exf3 22.
Qxf3 f4 23. gxf4 gxf4 24. Bf2 Qg5+ 25. Qg2 Bg4 26. h4 Qg6 27. Kh1 Rae8 28. Nf3
Qh5 29. Nh2 Rxe1+ 30. Rxe1 Be2 31. Qe4+ Kh8 32. Rxe2 Rc8 33. Re1 Qf7 34. Qe6
Qf8 35. Qg6 Qg8 36. Re6 Rc1+ 37. Kg2 Rc8 38. Kf3 Qd8 39. Ng4 Qa5 40. Nf6 Rc3+
41. bxc3 Qxc3+ 42. Kg2 f3+ 43. Kh3 Qd2 44. Re8+ 1-0

[Event "Team Russia"]
[Site "Petergof"]
[Date "2015.08.09"]
[Round "9.19"]
[White "Serov, Danila"]
[Black "Kovalev, Egor"]
[Result "1/2-1/2"]
[WhiteElo "1970"]
[BlackElo "2186"]
[PlyCount "82"]
[EventDate "2015.08.??"]
[EventType "team-swiss"]

1. Nf3 Nf6 2. g3 g6 3. Bg2 Bg7 4. O-O O-O 5. c4 c5 6. d4 cxd4 7. Nxd4 Nc6 8.
Nc3 Qb6 9. Nb3 d6 10. Be3 Qb4 11. c5 Rd8 12. a3 Qg4 13. Bxc6 bxc6 14. Na5 Qd7
15. cxd6 exd6 16. Qa4 c5 17. Qxd7 Rxd7 18. Rfd1 Ba6 19. Bf4 d5 20. e3 d4 21.
Na4 Rd5 22. exd4 cxd4 23. Nc6 Re8 24. Re1 Be2 25. Nb4 Ra5 26. b3 d3 27. Ra2 Rf5
28. Nc3 a5 29. Na6 d2 30. Rxd2 Bxa6 31. Rxe8+ Nxe8 32. Ne4 Bf6 33. Nxf6+ Nxf6
34. Rd6 Bb5 35. a4 Bd7 36. Be3 Be6 37. Bh6 Nd7 38. Ra6 Bd5 39. Rd6 Be6 40. Ra6
Bd5 41. Rd6 Be6 1/2-1/2

[Event "Team Russia"]
[Site "Petergof"]
[Date "2015.08.09"]
[Round "9.20"]
[White "Milovanova, Maria"]
[Black "Alieva, Alexandra"]
[Result "1-0"]
[WhiteElo "1945"]
[BlackElo "1963"]
[PlyCount "83"]
[EventDate "2015.08.??"]
[EventType "team-swiss"]

1. d4 d5 2. c4 e6 3. Nc3 c6 4. Nf3 dxc4 5. e3 b5 6. a4 Bb4 7. Bd2 a5 8. axb5
Bxc3 9. Bxc3 cxb5 10. b3 Bb7 11. bxc4 b4 12. Bb2 Nf6 13. Bd3 Nbd7 14. O-O O-O
15. Nd2 Bc6 16. Bc2 Qc7 17. h3 Ra7 18. e4 e5 19. d5 Bb7 20. f4 exf4 21. Bd4 Ra6
22. Ba4 Nc5 23. Bb5 Raa8 24. e5 Nfd7 25. Qh5 Ba6 26. Bc6 Bb7 27. Bb5 Ba6 28.
Rxf4 Bxb5 29. Rh4 h6 30. cxb5 Nd3 31. Ne4 N3xe5 32. d6 Qd8 33. Rf1 f6 34. Ng3
Qe8 35. Qd1 Ng6 36. Re4 Nde5 37. h4 Qxb5 38. Nf5 Rfe8 39. h5 Nf8 40. Ne7+ Kh8
41. Bxe5 fxe5 42. Qb3 1-0

[Event "Team Russia"]
[Site "Petergof"]
[Date "2015.08.09"]
[Round "9.21"]
[White "Kukhmazov, Arsen"]
[Black "Ermolaev, Evgeny"]
[Result "0-1"]
[WhiteElo "2426"]
[BlackElo "2296"]
[PlyCount "64"]
[EventDate "2015.08.??"]
[EventType "team-swiss"]

1. d4 Nf6 2. Nf3 c5 3. d5 b5 4. Bg5 Qb6 5. c4 bxc4 6. Bxf6 Qxf6 7. Nc3 Qb6 8.
Qc2 d6 9. e4 g6 10. Nd2 Bg7 11. Nxc4 Qc7 12. Bd3 O-O 13. O-O Nd7 14. f4 Ba6 15.
a4 Rab8 16. Ra2 Rb4 17. Nb5 Bxb5 18. axb5 Rxb5 19. Rfa1 Ra8 20. e5 Rb4 21. Na5
Rxf4 22. Nc6 c4 23. Bxc4 Nxe5 24. Be2 Nxc6 25. dxc6 d5 26. Kh1 Rf2 27. Rf1 Qf4
28. Rxf2 Qxf2 29. g3 Rc8 30. Ra1 a5 31. Rc1 Qe3 32. Ba6 Rxc6 0-1

[Event "Team Russia"]
[Site "Petergof"]
[Date "2015.08.09"]
[Round "9.22"]
[White "Shilyaev, Fedor"]
[Black "Afanasiev, Nikita"]
[Result "1/2-1/2"]
[WhiteElo "2148"]
[BlackElo "2281"]
[PlyCount "81"]
[EventDate "2015.08.??"]
[EventType "team-swiss"]

1. e4 Nf6 2. e5 Nd5 3. d4 d6 4. c4 Nb6 5. exd6 cxd6 6. h3 g6 7. Nf3 Bg7 8. Be3
O-O 9. Nc3 Nc6 10. Rc1 d5 11. b3 dxc4 12. bxc4 e5 13. d5 Na5 14. Nd2 e4 15. Be2
f5 16. O-O Nd7 17. f4 b6 18. Nb3 Nb7 19. Na4 Kh8 20. Qd2 Nf6 21. Rfd1 Bd7 22.
Nc3 Rc8 23. Bd4 Ne8 24. Bxg7+ Kxg7 25. Qe3 Ned6 26. Nb5 Nxb5 27. cxb5 Qf6 28.
Nd4 Rxc1 29. Rxc1 Rc8 30. Rxc8 Bxc8 31. Nc6 Nc5 32. Ne5 Qd6 33. Bc4 Nd7 34. Qd4
Qc5 35. Qxc5 bxc5 36. a4 Kf6 37. Nxd7+ Bxd7 38. a5 Ke7 39. b6 axb6 40. axb6 Kd6
41. Kf2 1/2-1/2

[Event "Team Russia"]
[Site "Petergof"]
[Date "2015.08.09"]
[Round "9.24"]
[White "Khusnutdinova, Alsu"]
[Black "Zakariadze, Irina"]
[Result "1-0"]
[WhiteElo "2133"]
[BlackElo "1822"]
[PlyCount "53"]
[EventDate "2015.08.??"]
[EventType "team-swiss"]

1. e4 c5 2. Nf3 a6 3. c4 d6 4. d4 Bg4 5. dxc5 Bxf3 6. gxf3 dxc5 7. Qxd8+ Kxd8
8. Be3 e6 9. Nc3 Nf6 10. O-O-O+ Ke8 11. e5 Nfd7 12. f4 f5 13. Bg2 Ra7 14. Rd2
g5 15. fxg5 Nxe5 16. Bf4 Ned7 17. Re1 Kf7 18. Rde2 e5 19. Bxe5 Nxe5 20. Rxe5
Nc6 21. Rxf5+ Kg6 22. Rf6+ Kxg5 23. Ne4+ Kg4 24. Re3 Nd4 25. Rg3+ Kh5 26. Rg5+
Kh4 27. Rf4# 1-0

[Event "Team Russia"]
[Site "Petergof"]
[Date "2015.08.09"]
[Round "9.25"]
[White "Bondarenko, Ivan"]
[Black "Kruzhilin, Aleksey"]
[Result "0-1"]
[WhiteElo "2062"]
[BlackElo "2141"]
[PlyCount "44"]
[EventDate "2015.08.??"]
[EventType "team-swiss"]

1. d4 Nf6 2. c4 e6 3. Nc3 Bb4 4. Qc2 c5 5. dxc5 O-O 6. Bg5 Na6 7. a3 Bxc5 8.
Ne4 Be7 9. Bxf6 Bxf6 10. Nxf6+ Qxf6 11. Rd1 b6 12. e3 Rd8 13. Bd3 Bb7 14. Nf3
h6 15. Qe2 Nc5 16. O-O Rac8 17. Bb1 Ba6 18. Ba2 Na4 19. Rd2 d5 20. Rc2 dxc4 21.
Bxc4 Bxc4 22. Rxc4 Nxb2 0-1

[Event "Team Russia"]
[Site "Petergof"]
[Date "2015.08.09"]
[Round "9.26"]
[White "Karpenko, Artem"]
[Black "Golikov, Daniil"]
[Result "1-0"]
[WhiteElo "2276"]
[BlackElo "1995"]
[PlyCount "91"]
[EventDate "2015.08.??"]
[EventType "team-swiss"]

1. d4 d5 2. c4 c6 3. Nf3 Nf6 4. Nbd2 e6 5. Qc2 dxc4 6. Nxc4 c5 7. dxc5 Bxc5 8.
e3 O-O 9. Be2 Qe7 10. O-O a6 11. a3 Nc6 12. b4 Ba7 13. Bb2 b5 14. Nce5 Nxe5 15.
Nxe5 Bb7 16. Bd3 Rac8 17. Qe2 Nd7 18. Rad1 Nxe5 19. Bxe5 Qg5 20. f4 Qe7 21. Bd6
Qf6 22. Bxf8 Kxf8 23. Bb1 Rc3 24. Rd3 Bd5 25. Qd2 Rc4 26. Kh1 g6 27. Ba2 Re4
28. Bxd5 exd5 29. Rxd5 Bxe3 30. Rd8+ Kg7 31. Qd6 Qxd6 32. Rxd6 a5 33. bxa5 Ra4
34. Rd3 Bc5 35. Rd5 Bxa3 36. Rxb5 Bb4 37. a6 Bd6 38. Rb6 Bxf4 39. g3 Be5 40.
Rb7 Bf6 41. a7 g5 42. g4 h5 43. gxh5 g4 44. h6+ Kg6 45. Rb6 Rxa7 46. Rbxf6+ 1-0

[Event "Team Russia"]
[Site "Petergof"]
[Date "2015.08.09"]
[Round "9.27"]
[White "Shinkevich, Maksim"]
[Black "Guliev, Gasan"]
[Result "0-1"]
[WhiteElo "1987"]
[BlackElo "2053"]
[PlyCount "160"]
[EventDate "2015.08.??"]
[EventType "team-swiss"]

1. d4 Nf6 2. c4 g6 3. Nc3 Bg7 4. e4 d6 5. f3 O-O 6. Be3 Nc6 7. Nge2 a6 8. Qd2
Rb8 9. Rc1 Bd7 10. Nd1 b5 11. c5 e6 12. Nf2 Re8 13. g3 dxc5 14. Rxc5 Bf8 15.
Rc1 Nh5 16. Bg2 Bb4 17. Nc3 e5 18. d5 Na5 19. b3 Nb7 20. O-O Qe7 21. Nd3 Bd6
22. Qf2 b4 23. Nb1 Bb5 24. Rfd1 f5 25. Bc5 Nxc5 26. Nxc5 Ng7 27. a4 bxa3 28.
Nxa3 fxe4 29. fxe4 Bd7 30. Nb1 Bg4 31. Rd3 Rb5 32. Rdc3 Bxc5 33. Rxc5 Rxb3 34.
h3 Bd7 35. Rxc7 Rf8 36. Qa7 Qg5 37. R7c3 Rxc3 38. Rxc3 Bb5 39. Rc7 Nh5 40. g4
Nf6 41. Rg7+ Kh8 42. Rf7 Qc1+ 43. Kh2 Qf4+ 44. Kg1 Rc8 45. Rc7 Rxc7 46. Qxc7
Nxe4 47. Qd8+ Kg7 48. Qe7+ Kg8 49. Qe6+ Kf8 50. d6 Qc1+ 51. Kh2 Qf4+ 52. Kg1
Qe3+ 53. Kh2 Qg3+ 54. Kg1 Qf2+ 55. Kh2 Bf1 56. Qe7+ Kg8 57. Qe8+ Kg7 58. Qxe5+
Nf6 59. Qg3 Qxg3+ 60. Kxg3 Bxg2 61. Kxg2 Kf7 62. Kf3 Ke6 63. Kf4 Kxd6 64. Kg5
Ke5 65. Kh6 Kf4 66. g5 Ne4 67. h4 Kf5 68. Na3 a5 69. Nc4 a4 70. Ne3+ Kf4 71.
Nc4 Kg4 72. Kxh7 Kh5 73. Kg7 Nxg5 74. hxg5 Kxg5 75. Kf7 Kf5 76. Ke7 g5 77. Kd6
Ke4 78. Kc5 g4 79. Nd2+ Kd3 80. Nf1 a3 0-1

[Event "Team Russia"]
[Site "Petergof"]
[Date "2015.08.09"]
[Round "9.28"]
[White "Protopopova, Anastasiya"]
[Black "Pankova, Julia"]
[Result "1-0"]
[WhiteElo "2177"]
[BlackElo "1681"]
[PlyCount "95"]
[EventDate "2015.08.??"]
[EventType "team-swiss"]

1. Nf3 Nf6 2. c4 e6 3. Nc3 Bb4 4. Qc2 b6 5. a3 Bxc3 6. Qxc3 O-O 7. g3 Bb7 8.
Bg2 d6 9. O-O Qe7 10. d3 h6 11. b4 c5 12. e4 d5 13. Nd2 Rd8 14. b5 d4 15. Qc2
Nbd7 16. f4 Ng4 17. Nf3 Nf8 18. h3 Nf6 19. Bd2 Qc7 20. Nh4 a6 21. a4 axb5 22.
axb5 Rxa1 23. Rxa1 Nh5 24. Qd1 g6 25. Qf3 Ng7 26. g4 f5 27. Qe2 Qf7 28. Ra7 Ra8
29. Rxa8 Bxa8 30. exf5 Bxg2 31. fxg6 Nxg6 32. Nxg2 Ne7 33. Qe5 Kh7 34. Qc7 Qe8
35. Qxb6 Qa8 36. Qxc5 Qf3 37. Qxd4 Qxh3 38. Qe4+ Kg8 39. b6 Qxg4 40. b7 Qd1+
41. Be1 Qb1 42. c5 Nd5 43. c6 Qb6+ 44. Bf2 Qb1+ 45. Kh2 Nf6 46. Qf3 h5 47. Ne3
Nf5 48. c7 1-0

[Event "Team Russia"]
[Site "Petergof"]
[Date "2015.08.09"]
[Round "9.29"]
[White "Shnajder, Mark"]
[Black "Gogin, Maksim"]
[Result "0-1"]
[WhiteElo "2027"]
[BlackElo "2183"]
[PlyCount "87"]
[EventDate "2015.08.??"]
[EventType "team-swiss"]

1. d4 Nf6 2. Nf3 g6 3. c4 Bg7 4. Nc3 O-O 5. e4 d6 6. Be2 Bg4 7. O-O Nc6 8. d5
Bxf3 9. Bxf3 Ne5 10. Be2 c6 11. Be3 a6 12. a4 Rc8 13. Qb3 Ned7 14. f3 Qa5 15.
Rfe1 Rfe8 16. Qa3 c5 17. Rab1 e6 18. Red1 exd5 19. Nxd5 Nxd5 20. Rxd5 Qc7 21.
Rd2 Re6 22. Re1 Rce8 23. Bd1 Ne5 24. Qb3 Nc6 25. Qd3 Qe7 26. Rde2 h5 27. b3 Bd4
28. Bc2 Bxe3+ 29. Rxe3 Qf6 30. Bb1 Nd4 31. Qf1 h4 32. Qf2 Kg7 33. h3 b5 34.
axb5 axb5 35. cxb5 Nxb5 36. Bd3 Nd4 37. Bc4 R6e7 38. Qa2 Re5 39. Ra1 Rg5 40.
Kh1 Nf5 41. Rae1 Nxe3 42. Rxe3 d5 43. Bd3 Qd4 44. Qe2 0-1

[Event "Team Russia"]
[Site "Petergof"]
[Date "2015.08.09"]
[Round "9.30"]
[White "Zakharikov, Ivan"]
[Black "Kolbyshev, Sergei"]
[Result "0-1"]
[WhiteElo "1971"]
[BlackElo "2154"]
[PlyCount "96"]
[EventDate "2015.08.??"]
[EventType "team-swiss"]

1. e4 c5 2. c3 d5 3. exd5 Qxd5 4. d4 e6 5. Nf3 Nf6 6. Na3 cxd4 7. Nb5 Na6 8.
Nbxd4 Be7 9. Bb5+ Bd7 10. Bxd7+ Nxd7 11. Be3 O-O 12. O-O Rad8 13. Qe2 Nac5 14.
Rfd1 Qh5 15. Bf4 Nf6 16. h3 Nd5 17. Bh2 Bf6 18. Qb5 b6 19. a4 a6 20. Qe2 Rc8
21. Ra3 Rfd8 22. b4 Nxa4 23. Qxa6 Naxc3 24. Re1 Bxd4 25. Nxd4 Nxb4 26. Qxb6
Ncd5 27. Qa5 h6 28. Bg3 Qg6 29. Qb5 Nc2 30. Nxc2 Qxc2 31. Rf3 Qd2 32. Rf1 Rc2
33. Qb7 f6 34. Qa6 Qe2 35. Qxe2 Rxe2 36. Ra1 Rd7 37. Ra8+ Kf7 38. Kh2 g5 39.
Rc8 f5 40. Bb8 Kg6 41. Rg8+ Rg7 42. Rf8 f4 43. Bd6 h5 44. Kg1 Re1+ 45. Kh2 Nf6
46. Bb4 Re4 47. Rd3 Rxb4 48. Rd6 Kf5 0-1

[Event "Team Russia"]
[Site "Petergof"]
[Date "2015.08.09"]
[Round "9.31"]
[White "Kolmagorov, Alexey"]
[Black "Skafar, Darya"]
[Result "0-1"]
[WhiteElo "1992"]
[BlackElo "1974"]
[PlyCount "102"]
[EventDate "2015.08.??"]
[EventType "team-swiss"]

1. d4 d5 2. Nf3 Nf6 3. c4 e6 4. g3 Be7 5. Bg2 O-O 6. O-O dxc4 7. Ne5 c5 8. dxc5
Qc7 9. Nxc4 Bxc5 10. Be3 Bxe3 11. Nxe3 Bd7 12. Nd2 Bc6 13. Rc1 Qe7 14. Nf3 Rd8
15. Qb3 Nbd7 16. Rfd1 Nb6 17. Rd4 h6 18. Rcd1 Rxd4 19. Rxd4 Rd8 20. Qd1 Rxd4
21. Qxd4 Qd7 22. Qxd7 Nfxd7 23. Nd4 Bxg2 24. Kxg2 a6 25. b3 Nf6 26. Kf3 Kf8 27.
Nd1 Ke7 28. h3 Kd6 29. a3 g6 30. Ke3 Nfd7 31. Nc3 f5 32. Kd2 e5 33. Nf3 Nd5 34.
Nxd5 Kxd5 35. Kc3 g5 36. Nd2 Nc5 37. f3 f4 38. g4 e4 39. b4 Na4+ 40. Kb3 exf3
41. exf3 b5 42. Kc2 Kd4 43. Nf1 Nb6 44. Nd2 Ke3 45. Kc3 Nd5+ 46. Kc2 Ke2 47.
Kc1 Ne3 48. Nb3 Kxf3 49. Nc5 Nc4 50. Kd1 Nxa3 51. Nxa6 Kg3 0-1

[Event "Team Russia"]
[Site "Petergof"]
[Date "2015.08.09"]
[Round "9.32"]
[White "Solozhenkina, Elizaveta"]
[Black "Miroshnik, Ekaterina"]
[Result "1-0"]
[WhiteElo "2052"]
[BlackElo "1786"]
[PlyCount "77"]
[EventDate "2015.08.??"]
[EventType "team-swiss"]

1. Nf3 Nf6 2. d4 d5 3. e3 e6 4. Bd3 c5 5. b3 cxd4 6. exd4 Be7 7. O-O O-O 8. Bb2
b6 9. Nbd2 Nc6 10. a3 Bb7 11. Ne5 Rc8 12. f4 Bd6 13. Qf3 Ne7 14. Rae1 Nf5 15.
Qh3 Ne4 16. Bxe4 dxe4 17. c4 Bxe5 18. fxe5 e3 19. Rxe3 Nxe3 20. Qxe3 f5 21. Nf3
Qe7 22. Rd1 Rcd8 23. a4 f4 24. Qc1 Bxf3 25. gxf3 Rf5 26. Qc2 Qg5+ 27. Kh1 Qh6
28. Qe2 Rc8 29. Qe4 Qh3 30. Rg1 Rcf8 31. Ba3 Rh5 32. Rg2 Rd8 33. Be7 Re8 34.
Bf6 Qxg2+ 35. Kxg2 gxf6 36. exf6 Rf5 37. Qc6 Rg5+ 38. Kf2 Kh8 39. Qxe8+ 1-0

[Event "Team Russia"]
[Site "Petergof"]
[Date "2015.08.09"]
[Round "9.33"]
[White "Pak, Alexander"]
[Black "Schekachikhin, Maksim"]
[Result "0-1"]
[WhiteElo "2196"]
[BlackElo "2316"]
[PlyCount "58"]
[EventDate "2015.08.??"]
[EventType "team-swiss"]

1. e4 c5 2. Nf3 e6 3. d4 cxd4 4. Nxd4 Nc6 5. Nc3 Qc7 6. Be3 a6 7. Qf3 d6 8. Qg3
Bd7 9. O-O-O Nf6 10. f4 b5 11. Bxb5 axb5 12. Ndxb5 Qb8 13. a4 h5 14. Kb1 h4 15.
Qf2 Ng4 16. Qe2 Nxe3 17. Qxe3 Na7 18. Nxd6+ Bxd6 19. Qd4 Nc8 20. e5 Ra6 21.
exd6 O-O 22. Qe5 Nb6 23. Ne4 Nxa4 24. Rd3 Ra5 25. Qd4 Rd5 26. Nf6+ gxf6 27.
Qxf6 Rf5 28. Qd4 Rxf4 29. Qe5 f6 0-1

[Event "Team Russia"]
[Site "Petergof"]
[Date "2015.08.09"]
[Round "9.34"]
[White "Opanasenko, Mikhail"]
[Black "Yeritsyan, Aram"]
[Result "1-0"]
[WhiteElo "2043"]
[BlackElo "2117"]
[PlyCount "83"]
[EventDate "2015.08.??"]
[EventType "team-swiss"]

1. d4 d5 2. c4 c6 3. Nc3 Nf6 4. e3 e6 5. Nf3 Nbd7 6. Qc2 Be7 7. b3 O-O 8. Bd3
Re8 9. O-O h6 10. Bb2 c5 11. cxd5 exd5 12. Rfd1 cxd4 13. Nxd4 Nc5 14. Be2 Be6
15. Bf3 Qb6 16. Nf5 Rad8 17. Nxe7+ Rxe7 18. Na4 Nxa4 19. Bxf6 gxf6 20. bxa4 Rc7
21. Qd2 Kg7 22. Rab1 Qa6 23. Rb4 Rc4 24. Be2 Rdc8 25. Bxc4 dxc4 26. Qc3 Qc6 27.
Rd4 Rg8 28. Rf4 Kh7 29. f3 a5 30. Rb5 Bh3 31. g4 Rxg4+ 32. Rxg4 Qxf3 33. Qc2+
Kh8 34. Rg2 Bxg2 35. Qxg2 Qd1+ 36. Kf2 c3 37. Rc5 Qd2+ 38. Kf3 Qd1+ 39. Qe2
Qxa4 40. Rc8+ Kh7 41. Qd3+ Kg7 42. Qd4 1-0